000 01617nam a2200301 a 4500
001 73343
003 BD-RjUL
005 20211209082402.0
008 170530s1983 nyua b 001 0 eng d
020 _a0127514015 (v. 1)
020 _a0127514023 (v. 2)
020 _a012751404X (v. 4)
020 _a0127514031 (vol.3)
020 _a0127514058 (vol.5)
035 _a(BD-RjUL)73561
040 _aBD-RjUL
_beng
_cBD-RjUL
_dBD-RjUL
041 _aeng
082 _223
_a594
_bMOL 1983
245 0 4 _aThe Mollusca /
_ceditor-in-chief Karl M. Wilbur
260 _aNew York :
_bAcademic Press,
_c1983-
300 _av. :
_bill. ;
_c24 cm.
504 _aIncludes bibliographies and indexes.
505 0 _av. 1. Metabolic biochemistry and molecular biomechanics / edited by Peter W. Hochachka -- v. 2. Environmental biochemistry and physiology / edited by Peter W. Hochachka -- v. 3. Development / edited by N. H. Verdonk & J. A. M. van den Biggelaar & A. S. Tompa -- v. 4-5. Physiology / edited by A. S. M. Saleuddin & Karl M. Wilbur -- v. 6. Ecology / edited by W. D. Russell-Hunter -- v. 7. Reproduction / edited by A. S. Tompa, N. H. Verdonk, J. A. M. van den Biggelaar -- v. 8-9. Neurobiology and behaviour / edited by A. O. Dennis Willows -- v. 10. Evolution / edited by E. R. Trueman -- v. 11. Form and function / edited by E. R. Trueman and M. T. Clarke -- v.12. Paleontology and neontology of cephalopods / edited by M.R. Clarke [and] E.R. Trueman.
650 0 _aMollusks.
_9216937
650 0 _aMollusks--Evolution.
_9216938
700 1 _aWilbur, Karl M.
_q(Karl Milton),
_d1912-
_9216939
942 _2ddc
_cBK
999 _c73343
_d73343